000 00269nam a22001217a 4500
008 181129b xxu||||| |||| 00| 0 eng d
041 _aeng
080 _a043.3
100 _a0
101 _aBTH-ARK
245 _aNdërtes Shoqërore-Hotel
_cMaloku,F
942 _2udc
_cBK
999 _c52660
_d52660